Keski-Suomen kuntien vaakunat 2025 (keltainen laatikko) - Statistics

Yleistilastot
  • Tätä visaa on pelattu 159 kertaa
    156 viimeisimmän päivityksen jälkeen
  • Keskiarvotulos 17 / 22
Vastaustilastot
Kuvavisa Vastaus % Oikein
Jyväskylä
95%
Laukaa
91%
Äänekoski
84%
Kannonkoski
83%
Multia
83%
Kyyjärvi
81%
Muurame
81%
Toivakka
81%
Saarijärvi
78%
Viitasaari
78%
Keuruu
74%
Kivijärvi
74%
Uurainen
74%
Petäjävesi
72%
Hankasalmi
71%
Pihtipudas
71%
Joutsa
69%
Jämsä
67%
Kinnula
67%
Luhanka
66%
Konnevesi
62%
Karstula
60%
Ehtoja vastaavia visoja ei löytynyt
Tulosjakauma
Jokaisen tuloksen saaneiden osuus
Persentiili vastausten määrän mukaan
Tuloshistoriasi
Et ole pelannut tätä visaa sen viimeisimmän päivityksen jälkeen